Fyzika 2 : Návody na laboratórne cvičenia
Gespeichert in:
| Format: | Buch |
|---|---|
| Sprache: | Slowakisch |
| Veröffentlicht: |
Bratislava :
Alfa,
1985
|
| Ausgabe: | 1.vyd. |
| Schlagworte: | |
| Tags: |
Keine Tags, Fügen Sie das erste Tag hinzu!
|
MARC
| LEADER | 00000nam a22000003a 4500 | ||
|---|---|---|---|
| 001 | stu36299 | ||
| 005 | 20150408180812.0 | ||
| 008 | 920601s1985----cs------------------slo-d | ||
| 040 | |a STU |b slo | ||
| 041 | 0 | |a slo | |
| 044 | |a cs | ||
| 080 | |a 53(075.8) | ||
| 245 | |a Fyzika 2 : |b Návody na laboratórne cvičenia | ||
| 250 | |a 1.vyd. | ||
| 260 | |a Bratislava : |b Alfa, |c 1985 | ||
| 300 | |a 129 s | ||
| 650 | 7 | |a fyzika |2 stusub | |
| 996 | |b 284M047928 |c M*S-500-5 |l MMKN |s A |a 24 |w stu36299_0001 | ||
| 996 | |b 284M047930 |c M*S-500-1 |l MMKN |s A |a 24 |w stu36299_0002 | ||
| 996 | |b 284M089759 |c M*S-500-3 |l MMKN |s A |a 24 |w stu36299_0003 | ||
| 996 | |b 284M047929 |c M*S-500-4 |l MMKN |s A |a 24 |w stu36299_0004 | ||
| 996 | |b 284M047927 |c M*S-500-7 |l MMKN |s A |a 24 |w stu36299_0005 | ||
| 996 | |b 284M047926 |c M*S-500-8 |l MMKN |s A |a 24 |w stu36299_0006 | ||